000 00718nam a2200289Ia 4500
005 20260324125641.0
008 008 260324s9999 xx 000 0 eng d
020 _a9780203886212
037 _aEBOOK
040 _aCRL
040 _beng
040 _cCRL
041 _2eng
041 _aeng
084 _qCRL
100 _aSoeda Azembo; Michael Lewis (Translator)
_91178783
245 2 _aA Life Adrift
245 0 _bSoeda Azembo, Popular Song and Modern Mass Culture in Japan
260 _bTaylor and Francis
260 _c2008
365 _a
365 _b150
856 _uhttp://www.taylorfrancis.com/books/9780203886212
942 _cEBOOK
999 _c1774248
_d1774248